Statistics for Things that are French

Click here to take the quiz!

General Stats

  • This quiz has been taken 318 times
  • The average score is 11 of 20

Answer Stats

Clue Answer % Correct
Fast food sideFrench Fries
92%
Passionately make-outFrench Kiss
90%
BaguetteFrench Bread
85%
Brass instrumentFrench Horn
81%
Breakfast foodFrench Toast
80%
Salad sauceFrench Dressing
71%
Popular ice cream flavorFrench Vanilla
67%
New Orleans NeighborhoodFrench Quarter
63%
Territory in South AmericaFrench Guiana
61%
QuébécoisFrench Canadians
59%
1971 Gene Hackman filmThe French Connection
55%
Resort area on the Southeast coast of FranceFrench Riviera
52%
Coffee makerFrench Press
50%
Teen hairstyleFrench Braid
47%
Sandwich served with au jusFrench Dip
41%
Modern Family dog breedFrench Bulldog
38%
Often served in a crockFrench Onion Soup
35%
Fancy embroidery stitchFrench Knot
21%
Moroccan born American rapperFrench Montana
18%
Drafting toolFrench Curve
7%

Score Distribution

Percentile by Number Answered

Percent of People with Each Score

Your Score History

You have not taken this quiz